000 01169naa a22003257a 4500
001 BR7602377
003 BR-BrBNA
005 20240918173818.0
007 ta
008 230509b bl.||||| |||| 00| 0 por d
040 _aBR-BrBNA
_bpor
_cBiblioteca Nacional de Agricultura
041 _a(Pt)
072 _aF60; F27
090 _aF60 BR7602377
100 1 _aAraujo, J.P. de
100 1 _aAragao, O.P.
111 1 _a3. Seminario Nacional de Irrigacao e Drenagem
_cFortaleza, CE (Brazil)
_d16 Nov 1975
245 1 _aEfeito da energia advectiva sobre areas cultivadas [Bioquimica vegetal; Cultivo do solo]
260 3 _aFortaleza, CE (Brasil):
_c1976.
500 _aAnais do 3. Seminario Nacional de Irrigacao e Drenagem Fortaleza, CE (Brasil): 1976. p. 16-17 (BR7602377-AM)F60
650 _aBioquimica vegetal
650 _aCultivo do solo
650 _aEvapotranspiracao
650 _aTranspiracao vegetal
650 _aCultura irrigada
650 _aSolo
773 0 _tAnais do 3. Seminario Nacional de Irrigacao e Drenagem
_b
_wF60 BR7602377
_gFortaleza, CE (Brasil), 1976. p. 16-17
909 _a202404
_bLucia
_c55
_dLucia Elande
942 _cAM
_2AGRIS
999 _c307080
_d307080